Architecture inspirations
Guardado en:
| Formato: | Libro |
|---|---|
| Lenguaje: | inglés |
| Publicado: |
Barcelona :
LOFT Publications,
2009
|
| Etiquetas: |
Sin Etiquetas, Sea el primero en etiquetar este registro!
|
MARC
| LEADER | 00000nam a22000003a 4500 | ||
|---|---|---|---|
| 001 | stu246425 | ||
| 005 | 20150408182934.7 | ||
| 008 | 120511s2009----sp------------------eng-d | ||
| 020 | |a 978-84-92731-28-2 | ||
| 040 | |a STU |b slo | ||
| 041 | 0 | |a eng | |
| 044 | |a sp | ||
| 245 | |a Architecture inspirations | ||
| 260 | |a Barcelona : |b LOFT Publications, |c 2009 | ||
| 300 | |a 707 s | ||
| 996 | |b 284AU05221 |c A*7959 |l AA2120 |s P |a 0 |w stu246425_0001 | ||
| 996 | |b 284V032294 |c V*51450/O-22959 |l VVT |s A |a 24 |w stu246425_0002 | ||
| 996 | |b 284V032295 |c V*51451/O-22959a |l VVS |s A |a 24 |w stu246425_0004 | ||
| 996 | |b 284V038286 |c V* 53722/O-24811 |l VVS |s A |a 24 |w stu246425_0005 | ||